|
|
|
|
| LEADER |
00000naa a2200000uu 4500 |
| 001 |
vtls011096161 |
| 003 |
SK-MaSNL |
| 005 |
20260302111005.0 |
| 008 |
210908|2014 xo |||||||||||||||||eng| |
| 015 |
|
|
|a SNBRA
|
| 035 |
|
|
|a (urnnbn)urn:nbn:sk:snk:ar-a0cuhm
|
| 035 |
|
|
|a (uuid)cef66fc0-8592-471d-87d3-daa50109f72e
|
| 035 |
|
|
|a urn:nbn:sk:snk-aaw03c
|
| 040 |
|
|
|a SNKBUCL
|b slo
|c SNKBUCL
|e AACR2
|
| 041 |
0 |
|
|a eng
|
| 044 |
|
|
|a xo
|c SK
|
| 100 |
1 |
|
|a Líšková, Anna,
|d 1957-
|4 aut
|9 12660
|
| 245 |
1 |
0 |
|a THE COROSION CHARACTERISTICS OF ALUMINIUM ALLOY
|c Anna Líšková, Jana Cervová, Mária Mihaliková, Petra Lacková
|
| 700 |
1 |
|
|a Cervová, Jana
|4 aut
|9 787797
|
| 700 |
1 |
|
|a Mihaliková, Mária,
|d 1963-
|4 aut
|9 219974
|
| 700 |
1 |
|
|a Lacková, Petra
|4 aut
|9 752034
|
| 773 |
0 |
|
|t Surface Engineering 2014 : book of Abstracts: International Scientific Conference, High Tatras, October 23-24, 2014
|d V Košiciach : Technická univerzita, 2014, 2014
|g S. 43
|z 9788055318165
|
| 958 |
|
|
|a OND
|
| 958 |
|
|
|a article12
|
| 958 |
|
|
|a chapter
|
| 999 |
|
|
|c 1245809
|d 1247739
|